National Parks by Picture - Statistics

General Stats
  • This quiz has been taken 50 times
  • The average score is 8 of 12
Answer Stats
Picture Answer % Correct
Yellowstone
97%
Grand Canyon
95%
Arches
92%
Yosemite
92%
Redwood
85%
Everglades
79%
Joshua Tree
77%
Accadia
49%
Olympic
49%
Biscayne
36%
Smoky Mountains
36%
Mt. Rainier
33%
No matching quizzes found
Score Distribution
Percent of People with Each Score
Percentile by Number Answered
Your Score History
You have not taken this quiz